Bytový dom

Gespeichert in:
Bibliographische Detailangaben
1. Verfasser: Gašpierik, Miroslav (Verfasst von)
Weitere Verfasser: Bisták, Andrej (Betreuung Doktorarbeit)
Format: Manuskript Buch
Sprache:Slowakisch
Veröffentlicht: 2025
Schlagworte:
Online-Zugang:http://is.stuba.sk/zp/portal_zp.pl?podrobnosti=175485
CRZP
Tags: Tag hinzufügen
Keine Tags, Fügen Sie das erste Tag hinzu!

MARC

LEADER 00000ntm a22000003a 4500
001 stuzp105389
003 SK-STU
005 20250722153821.7
007 ta
008 150427s2015----xo-----f-mn---000-0-slo-d
040 |a STU  |b slo 
041 0 |a slo 
100 1 |a Gašpierik, Miroslav  |u 010270  |4 aut  |U SvF Stavebná fakulta  |T SvF Katedra technológie stavieb  |X 120998  |U V270  |Y 28  |7 120998 
242 0 1 |a Residential house  |y eng 
245 1 0 |a Bytový dom 
260 |c 2025 
650 4 |a ETICS  |2 slo 
650 4 |a hrubá stavba  |2 slo 
650 4 |a technologický predpis  |2 slo 
650 4 |a časový plán  |2 slo 
650 4 |a bytový dom  |2 slo 
650 4 |a structural work  |2 eng 
650 4 |a apartment building  |2 eng 
650 4 |a technological specification  |2 eng 
650 4 |a ETICS (External Thermal Insulation Composite System)  |2 eng 
650 4 |a schedule  |2 eng 
700 1 |a Bisták, Andrej  |u 901131  |k Z7  |4 ths  |U Rektorát STU  |T Útvar práce s verejnosťou  |X 66824  |U 901131  |Y 299  |7 A000066824 
856 4 |u http://is.stuba.sk/zp/portal_zp.pl?podrobnosti=175485 
856 4 |u https://opac.crzp.sk/?fn=detailBiblioForm&sid=12BF14ADF430A4F4BFF25BB4236B  |z CRZP